[Event "Titled Tue 31st Jan Early"]
[Site "chess.com INT"]
[Date "2023.01.31"]
[Round "5"]
[White "Mikaelyan, A."]
[Black "Ibrahimov, R."]
[Result "1-0"]
[WhiteElo "2504"]
[BlackElo "2527"]
[PlyCount "107"]
[EventDate "2023.01.31"]

1. Nf3 c5 2. g3 b6 3. Bg2 Bb7 4. O-O g6 5. c4 Bg7 6. Nc3 Nf6 7. d4 cxd4 8. Nxd4 Bxg2 9. Kxg2 Nc6 ({RR} 9... d5 10. cxd5 O-O 11. e4 Na6 12. Nc6 Qd7 13. Be3 e6 14. Qf3 exd5 15. exd5 Rfe8 16. Bd4 Qd6 17. Rfe1 Nc7 18. Be5 Rxe5 19. Nxe5 Rd8 20. Rad1 h5 21. h4 b5 22. Nc6 Rd7 23. Nxa7 b4 24. Ncb5 {Haydon,D (2746)-Oparin,G (2968) Chess.com 2024 0-1 (56)}) 10. b3 ({RR} 10. Rb1 O-O 11. b3 Qc7 12. Bb2 Rfd8 13. e4 Qb7 14. Re1 e6 15. Kg1 Nxd4 16. Qxd4 Nd5 17. Qd2 Nxc3 18. Bxc3 Bxc3 19. Qxc3 d5 20. cxd5 exd5 21. e5 d4 22. Qd3 Qd7 23. Rbd1 Rac8 24. Re4 Rc5 {Aditya,V (2277)-Cao,Q (2189) Pozarevac SRB 2024 0-1 (60)}) 10... O-O 11. Bb2 Qc7 12. Rc1 $146 ({RR} 12. e4 Qb7 13. f3 Rac8 14. Re1 Rfd8 15. Re2 d6 16. Nd5 Nxd5 17. exd5 Nxd4 18. Bxd4 Bxd4 19. Qxd4 b5 20. cxb5 Rc5 21. a4 Rxd5 22. Qe4 Rd7 23. Rc1 e5 24. Rc6 Rd4 25. Qc2 Kg7 26. Rd2 Rxd2+ {Nikolaidis,I (2512)-Managadze,N (2456) Glyfada 2000 1-0 (73)}) 12... Qb7 13. f3 Rfd8 14. e4 a6 15. a4 d6 16. Nxc6 Qxc6 17. Nd5 Qb7 18. Bxf6 Bxf6 19. Nxf6+ exf6 20. Qd4 Kg7 21. g4 h6 22. h4 g5 23. hxg5 hxg5 24. Rh1 Qe7 25. Rh3 Qe5 26. Qd2 Rh8 27. Qc3 Rxh3 28. Qxe5 fxe5 29. Kxh3 Kf6 30. Kg3 Ke6 31. Rh1 b5 32. cxb5 axb5 33. axb5 Rb8 34. Rb1 Rxb5 35. b4 d5 36. exd5+ Kxd5 37. Kf2 Kd4 38. Ke2 f6 39. Rd1+ Kc3 40. Rd6 Rxb4 41. Rxf6 e4 42. Rf5 exf3+ 43. Kxf3 Kd4 44. Rxg5 Rb1 45. Rg8 Rf1+ 46. Kg3 Ke5 47. Re8+ Kd6 48. Kh4 Kd7 49. Re3 Rh1+ 50. Kg5 Rh8 51. Re4 Kd6 52. Kf6 Kd5 53. Ra4 Rg8 54. g5 1-0

[Event "Titled Tue 31st Jan Early"]
[Site "chess.com INT"]
[Date "2023.01.31"]
[Round "9"]
[White "Nakamura, Hi"]
[Black "Rasulov, Vu"]
[Result "1-0"]
[WhiteElo "2768"]
[BlackElo "2513"]
[PlyCount "105"]
[EventDate "2023.01.31"]

1. Nf3 Nf6 2. g3 d5 3. Bg2 c6 4. d3 Bg4 5. Nbd2 Nbd7 6. h3 Bh5 7. g4 Bg6 8. Nh4 e5 ({RR} 8... e6 9. e3 Bd6 10. Qe2 Qc7 11. O-O O-O-O 12. f4 h6 13. Nxg6 fxg6 14. Nf3 e5 15. Nh4 exf4 16. exf4 Rhe8 17. Qf2 Bc5 18. d4 Bb6 19. b4 Ne4 20. Bxe4 Rxe4 21. c3 Rde8 22. Nxg6 c5 23. bxc5 {Morozevich,A (2755)-Kramnik,V (2785) Moscow 2007 0-1 (38)}) 9. e3 Bd6 ({RR} 9... Be7 10. Qe2 Qc7 11. a3 O-O-O 12. b4 Kb8 13. O-O e4 14. Bb2 Bd6 15. Rfd1 Bh2+ 16. Kf1 Rhe8 17. Nxg6 fxg6 18. dxe4 dxe4 19. g5 Nh5 20. Nxe4 Be5 21. Bxe5 Qxe5 22. Kg1 h6 23. b5 cxb5 24. Nd6 {Duda,J (2733)-Tabatabaei,M (2712) Almaty KAZ 2024 1-0 (43)}) 10. a3 ({RR} 10. b3 a5 11. a3 Nf8 12. Bb2 Ne6 13. Qe2 Qc7 14. c4 O-O 15. Nxg6 hxg6 16. h4 Rfe8 17. g5 Nf4 18. Qf1 Nxg2+ 19. Qxg2 Nh5 20. cxd5 cxd5 21. Rc1 Qe7 22. Qxd5 Bxa3 23. Bxa3 Qxa3 24. Qc5 Qxc5 {Nakamura,H (2768)-Gukesh,D (2718) chess.com INT 2023 1-0 (60)}) 10... Qe7 11. b3 $146 ({RR} 11. b4 a5 12. b5 O-O 13. bxc6 bxc6 14. O-O e4 15. Bb2 exd3 16. Nxg6 hxg6 17. cxd3 Be5 18. d4 Bd6 19. Qc2 Rfc8 20. Rfc1 Rab8 21. a4 c5 22. g5 Ne4 23. Nxe4 dxe4 24. Ba3 Rc7 25. h4 c4 {Nakamura,H (2768)-Ilkhomi,J (2145) chess.com INT 2022 1-0 (48)}) 11... O-O-O 12. Bb2 Kb8 13. b4 Nb6 14. Rb1 d4 15. e4 Ne8 16. Nf5 Bxf5 17. exf5 g6 18. Qf3 gxf5 19. Qxf5 Ng7 20. Qf3 Ne6 21. Ne4 Nf4 22. Bc1 Nbd5 23. Ng3 Qe6 24. b5 Nxg2+ 25. Qxg2 Nc3 26. Rb3 Nxb5 27. Qf3 Ka8 28. Bg5 Rdf8 29. Nf5 h5 30. gxh5 Bc7 31. h6 Nc3 32. Bd2 Nd5 33. Rg1 Nf4 34. Qe4 Nxh3 35. Rg7 Nf4 36. Bxf4 exf4 37. Qxe6 Ba5+ 38. Ke2 fxe6 39. Nxd4 Bb6 40. Nxe6 f3+ 41. Kd2 Re8 42. Nc7+ Bxc7 43. Rxc7 Rxh6 44. Rbxb7 Rh2 45. Rxa7+ Kb8 46. Rcb7+ Kc8 47. Kc3 Rxf2 48. a4 Ree2 49. a5 Rxc2+ 50. Kd4 Rh2 51. a6 Rh4+ 52. Ke3 f2 53. Ra8# 1-0

[Event "Titled Tue 31st Jan Late"]
[Site "chess.com INT"]
[Date "2023.01.31"]
[Round "2"]
[White "Nakamura, Hi"]
[Black "Krysa, L."]
[Result "1-0"]
[WhiteElo "2768"]
[BlackElo "2538"]
[PlyCount "63"]
[EventDate "2023.01.31"]

1. Nf3 d5 2. e3 Nf6 3. c4 e6 4. d4 b6 5. Bd3 Bd6 6. Nc3 Bb7 7. cxd5 exd5 8. Bd2 $146 ({RR} 8. b3 O-O 9. Bb2 Nbd7 10. O-O a6 11. Rc1 Qe7 12. Ne2 Ne4 13. Qc2 Rac8 14. Ng3 f5 15. Qe2 Ra8 16. Rc2 g6 17. Rfc1 Rf7 18. Nf1 h5 19. Ne1 h4 20. f3 Nef6 21. Qd1 {1-0 (21) McPhillips,K (2222)-Adair,J (2072) Hastings 2008}) ({RR} 8. Qa4+ Nbd7 9. Ba6 Bxa6 10. Qxa6 c6 11. O-O O-O 12. b3 Qe7 13. Bb2 Rfc8 14. Rac1 Rc7 15. Qd3 Ne4 16. Rc2 Rac8 17. Rfc1 Nf8 18. Ne2 Ng6 19. Ng3 Qe6 20. Ne2 h6 21. a4 Qf5 22. Qd1 Qe6 {Demidov,M (2520)-Jakovenko,D (2735) St Petersburg 2018 0-1 (43)}) ({RR} 8. Ne5 O-O 9. O-O c5 10. Nb5 Be7 11. Qf3 Nc6 12. b3 a6 13. Nc3 cxd4 14. Nxc6 Bxc6 15. exd4 Bb4 16. Ne2 Ne4 17. Qh3 Bb5 18. Bxb5 axb5 19. Qd3 Qd7 20. f3 Nd6 21. Ng3 Rfc8 22. Bd2 Bxd2 {Gareev,T (2570)-Grigoriants,S (2544) Samarkand UZB 2023 ½-½ (48)}) 8... O-O 9. Rc1 a6 10. O-O Nbd7 11. Be1 Re8 12. a3 Ne4 13. b4 f5 14. Qb3 Ndf6 15. b5 a5 16. a4 Kh8 17. Ne2 Qd7 18. Bc3 Nxc3 19. Rxc3 Ne4 20. Rc2 g5 21. Rfc1 Rac8 22. Ne5 Bxe5 23. dxe5 Rxe5 24. Qb2 Qg7 25. Nd4 f4 26. Bxe4 Rxe4 27. Rc3 fxe3 28. fxe3 g4 29. Qc2 Qe5 30. Rxc7 Rxc7 31. Qxc7 Qe7 32. Qb8+ 1-0

[Event "Titled Tue 31st Jan Late"]
[Site "chess.com INT"]
[Date "2023.01.31"]
[Round "5"]
[White "Lenderman, A."]
[Black "Grigoriants, S RUS"]
[Result "1-0"]
[WhiteElo "2572"]
[BlackElo "2569"]
[PlyCount "49"]
[EventDate "2023.01.31"]

1. Nf3 d5 2. e3 Nf6 3. c4 e6 4. b3 Bd6 5. Bb2 O-O 6. Nc3 a6 7. g3 ({RR} 7. Qc2) 7... c6 ({RR} 7... Nc6 8. Bg2 dxc4 9. bxc4 e5 10. d3 Bf5 11. O-O Nb4 12. e4 Bg4 13. Qd2 Bxf3 14. Bxf3 Nc6 15. Nd5 Bc5 16. Bg2 Qd6 17. Kh1 Nd7 18. f4 Bd4 19. Rab1 Rab8 20. Bc1 b5 21. cxb5 Rxb5 22. Rxb5 {Oparin,G (2681)-Fedoseev,V (2704) Chess.com INT 2022 ½-½ (105)}) 8. d4 Nbd7 $146 ({RR} 8... b5 9. Bg2 a5 10. O-O bxc4 11. bxc4 Ba6 12. Nd2 dxc4 13. Qc2 Nd5 14. a3 Nd7 15. Rfd1 Be7 16. Na4 Rc8 17. e4 N5b6 18. Nc5 Nxc5 19. dxc5 Bxc5 20. Nxc4 Qc7 21. Be5 Qa7 22. Nxa5 Be7 23. a4 {Arutinian,D (2536)-Vallejo Pons,F (2716) Batumi 2018 1-0 (80)}) 9. Bg2 b6 10. O-O Bb7 11. Rc1 Rc8 12. Qd3 c5 13. cxd5 exd5 14. dxc5 Nxc5 15. Qf5 g6 16. Qg5 Nd3 17. Na4 Ne4 18. Qxd8 Rfxd8 19. Rxc8 Rxc8 20. Nxb6 Rc2 21. Bd4 Rxa2 22. Nd7 Ndxf2 23. Nfe5 f5 24. Rc1 Nd3 25. Nxd3 1-0

[Event "Titled Tue 31st Jan Late"]
[Site "chess.com INT"]
[Date "2023.01.31"]
[Round "5"]
[White "Yu Yangyi"]
[Black "Drygalov, Sergey"]
[Result "1-0"]
[WhiteElo "2729"]
[BlackElo "2547"]
[PlyCount "93"]
[EventDate "2023.01.31"]

1. Nf3 Nf6 2. g3 g6 3. c4 c6 4. Bg2 d5 5. Qa4 Bg7 6. O-O O-O 7. d4 Nbd7 8. cxd5 cxd5 ({RR} 8... Nb6 9. Qb3 Qxd5 10. Qd1 c5 11. Nc3 Qh5 12. dxc5 Qxc5 13. Ne1 Qh5 14. Nd3 Rd8 15. Qe1 Nbd5 16. Nxd5 Nxd5 17. e4 Nb6 18. Nf4 Qe5 19. Nd5 Be6 20. Nxe7+ Kh8 21. Nd5 Nxd5 22. exd5 Bxd5 23. Qxe5 {Giri,A (2749)-Wei Yi (2740) Wijk aan Zee NED 2024 ½-½ (33)}) 9. Qb3 $146 ({RR} 9. Nc3 Nb6 10. Qb3 Ne4 11. Bf4 Bf5 12. Rfc1 Rc8 13. Nb5 a6 14. Na3 Nd6 15. Rxc8 Ndxc8 16. Rc1 Nd6 17. Ne5 Ndc4 18. Naxc4 dxc4 19. Nxc4 Nxc4 20. Qxc4 b5 21. Qc6 Bxd4 22. b3 Qa5 23. Bh6 Bg7 {Movsesian,S (2670)-Repka,C (2372) Velky Cetin 2018 0-1 (47)}) ({RR} 9. Nc3 Nb6 10. Qb3 Ne4 11. a4 Nxc3 12. bxc3 Nc4 13. Nd2 Nxd2 14. Bxd2 e6 15. a5 Qc7 16. Bf4 e5 17. dxe5 Bxe5 18. Bxe5 Qxe5 19. Qxd5 Qxc3 20. a6 Be6 21. Qd3 Qxd3 22. exd3 bxa6 23. Bxa8 Rxa8 {Aswath,S (2466)-Heron,A (2100) Karlsruhe GER 2025 1-0 (34)}) ({RR} 9. Bf4 Nb6 10. Qb3 Nc4 11. Rc1 Ne4 12. Nc3 Nxc3 13. Rxc3 a5 14. a4 Ra6 15. Qa2 Bf5 16. Rac1 Be4 17. b3 Nd6 18. Be5 Rb6 19. Bxg7 Kxg7 20. Ne5 Rb4 21. e3 f6 22. Nd3 Bxd3 23. Rxd3 e6 {Yu Yangyi (2729)-Sanal,V (2590) chess.com INT 2023 1-0 (36)}) 9... b6 10. Nc3 e6 11. Bf4 Ba6 12. Rfc1 Bc4 13. Qa4 a5 14. Ne5 b5 15. Qd1 b4 16. Na4 Nxe5 17. Bxe5 Nd7 18. Bxg7 Kxg7 19. b3 Bb5 20. Nc5 Rc8 21. a4 bxa3 22. Rxa3 Qb6 23. Qd2 Kg8 24. Rxa5 Nxc5 25. dxc5 Rxc5 26. Rxc5 Qxc5 27. Bf1 Qb6 28. Ra1 d4 29. Qb4 Rb8 30. Qe7 Qd8 31. Qc5 Qb6 32. Qe5 Rd8 33. Rd1 Bc6 34. Qf6 Rd7 35. Rc1 Bb7 36. Bg2 Rc7 37. Qd8+ Kg7 38. Qxc7 Qxb3 39. Bxb7 Qb2 40. Bf3 d3 41. exd3 e5 42. Qc3 Qb8 43. Re1 f6 44. d4 e4 45. Bxe4 Qd6 46. Qc5 h5 47. Qxd6 1-0

[Event "Titled Tue 31st Jan Late"]
[Site "chess.com INT"]
[Date "2023.01.31"]
[Round "7"]
[White "Jones, G."]
[Black "Sanal, V."]
[Result "1-0"]
[WhiteElo "2623"]
[BlackElo "2590"]
[PlyCount "137"]
[EventDate "2023.01.31"]

1. Nf3 d5 2. g3 g6 3. Bg2 Bg7 4. O-O c6 5. d3 Nf6 6. Nbd2 O-O 7. e4 Qc7 8. Re1 ({RR} 8. e5 Ng4 9. d4 f6 10. h3 Nh6 11. Re1 Nf7 12. exf6 Bxf6 13. Nf1 Nd7 14. N1h2 e5 15. Nxe5 Ndxe5 16. Bf4 Bd7 17. dxe5 Bxe5 18. Bxe5 Nxe5 19. Qd4 Rfe8 20. Rad1 Bf5 21. Rd2 Re7 22. g4 Be4 {Rapport,R (2715)-Abdusattorov,N (2766) Shusha AZE 2024 0-1 (31)}) 8... dxe4 9. Nxe4 $146 ({RR} 9. dxe4 e5 10. Nc4 Rd8 11. Qe2 Nbd7 12. a4 b5 13. axb5 cxb5 14. Na3 b4 15. Nb5 Qb8 16. Rd1 Ne8 17. Bg5 f6 18. Qc4+ Kh8 19. Nxe5 Qxe5 20. Bf4 Qe7 21. e5 Nb6 22. exf6 Rxd1+ 23. Rxd1 Bxf6 {Bernal Tinajero,J-Santamaria,J Asturias 1996 0-1}) 9... Nxe4 10. dxe4 Bg4 11. h3 Rd8 12. Qe2 Bxf3 13. Qxf3 Nd7 14. Bf4 Qb6 15. e5 e6 16. b3 Qa5 17. Qe3 Nb6 18. c4 Rd7 19. Bg5 Re8 20. g4 Nc8 21. h4 Qa3 22. h5 Qa5 23. Rad1 Rxd1 24. Rxd1 Bxe5 25. Rd7 Bg7 26. Rxb7 Qxa2 27. Bxc6 Rf8 28. h6 Bh8 29. Kg2 Qb2 30. Rd7 Nb6 31. Rd2 Qa3 32. c5 Nd5 33. Bxd5 exd5 34. Rxd5 Qa6 35. Qe4 Qc6 36. Re5 Qb5 37. Rd5 Qc6 38. Kg1 a5 39. Qd3 Qe6 40. f3 Qc6 41. Kg2 f6 42. Bf4 Qe6 43. Bd6 Re8 44. Qc4 f5 45. c6 fxg4 46. fxg4 Qf7 47. c7 Rc8 48. Rc5 Bf6 49. Qxf7+ Kxf7 50. Rxa5 Ke6 51. Bg3 Kd7 52. Rd5+ Ke6 53. Rd6+ Ke7 54. Rb6 Kd7 55. Rxf6 Ke7 56. Rb6 Rxc7 57. Bxc7 g5 58. Bg3 Kf7 59. Bf2 Kg8 60. Be3 Kh8 61. Bxg5 Kg8 62. Bf4 Kf7 63. g5 Kg8 64. Kf3 Kf7 65. Kg4 Kg8 66. Kf5 Kf7 67. Rb7+ Ke8 68. Ke6 Kd8 69. Rb8# 1-0

[Event "Bundesliga 2022-23"]
[Site "Remagen GER"]
[Date "2023.02.05"]
[Round "6.8"]
[White "Anton Guijarro, D."]
[Black "Warmerdam, Max"]
[Result "1-0"]
[WhiteElo "2655"]
[BlackElo "2612"]
[PlyCount "95"]
[EventDate "2022.10.22"]
[WhiteTeam "SC Viernheim"]
[BlackTeam "SG Solingen"]

1. Nf3 d5 2. g3 g6 3. Bg2 Bg7 4. O-O e5 5. d3 Nc6 6. e4 Nf6 7. Nc3 dxe4 ({RR} 7... d4 8. Ne2 O-O 9. Nd2 a5 10. h3 Nd7 11. f4 exf4 12. gxf4 Nc5 13. f5 Ne5 14. Nf3 Nxf3+ 15. Rxf3 Nd7 16. Bf4 Ne5 17. Rf2 Re8 18. Qd2 Ra6 19. Raf1 a4 20. Kh1 c5 21. Ng1 c4 22. Nf3 {Manafov,V (2431)-Amar,E (2534) New York USA 2024 1-0 (37)}) 8. dxe4 Bg4 9. Be3 Qc8 $146 ({RR} 9... O-O 10. h3 Bxf3 11. Bxf3 Nd4 12. Bg2 Qe7 13. Nb1 Rfd8 14. Nd2 a5 15. c3 Ne6 16. a4 h5 17. Qe2 h4 18. Nc4 Nd7 19. Qg4 Ndc5 20. f4 hxg3 21. Nxe5 Bxe5 22. fxe5 Nd3 23. Qxg3 Nxb2 24. Rf6 {Theodorou,N (2566)-Ioannidis,E (2411) Tornelo INT 2021 ½-½ (50)}) 10. Qc1 O-O 11. Ne1 Nd4 12. f3 Be6 13. Rf2 c6 14. Nb1 Rd8 15. c3 Nb5 16. Nd2 Nd6 17. Qc2 Qc7 18. b3 a5 19. a4 b6 20. Nd3 Nb7 21. Rb1 Nd7 22. f4 exf4 23. gxf4 Ndc5 24. Nxc5 Nxc5 25. f5 Bc8 26. Bf1 Nd7 27. Be2 Ne5 28. Rbf1 Ba6 29. Bxa6 Rxa6 30. Nc4 Nxc4 31. bxc4 c5 32. Bg5 Rd7 33. Rd2 Rxd2 34. Qxd2 Ra8 35. Qd5 Re8 36. Rf3 Be5 37. h4 Kg7 38. Qd2 f6 39. Bh6+ Kf7 40. Qd5+ Ke7 41. Kf2 Qc8 42. Bg5 Kf8 43. fxg6 Qe6 44. Bh6+ Kg8 45. h5 Qxd5 46. exd5 hxg6 47. hxg6 Re7 48. Re3 1-0

[Event "Airthings Masters Play-In"]
[Site "chess.com INT"]
[Date "2023.02.03"]
[Round "2"]
[White "Gukesh, D."]
[Black "Pranav, Anand"]
[Result "1-0"]
[WhiteElo "2718"]
[BlackElo "2525"]
[PlyCount "79"]
[EventDate "2023.02.03"]

1. Nf3 d5 2. g3 Nc6 3. d4 Bf5 4. Bg2 Nb4 5. Na3 e6 6. O-O Be7 7. c3 Nc6 8. Nc2 Nf6 ({RR} 8... h5 9. h4 Nf6 10. c4 Be4 11. b3 Ng4 12. Ng5 Bxg2 13. Kxg2 Qd7 14. Qd3 a5 15. e4 dxc4 16. bxc4 Bxg5 17. hxg5 O-O-O 18. Bb2 h4 19. gxh4 Nge5 20. Qg3 Nxc4 21. Bc3 f5 22. f3 e5 23. d5 {Jumabayev,R (2573)-Niemann,H (2734) New York USA 2024 0-1}) ({RR} 8... h6 9. Re1 Nf6 10. Nd2 Ne4 11. Nxe4 Bxe4 12. f3 Bh7 13. e4 O-O 14. exd5 exd5 15. f4 Qd7 16. Ne3 Be4 17. Bxe4 dxe4 18. d5 Nd8 19. Qd4 f5 20. Nc4 Bf6 21. Ne5 Qd6 22. Be3 Nf7 23. Nxf7 {Domingo Nunez,A (2313)-Pranav,A (2513) chess.com INT 2024 0-1 (47)}) 9. Nh4 ({RR} 9. Nce1 h6 10. Nd3 O-O 11. Nfe5 Nxe5 12. Nxe5 c5 13. Be3 Qc7 14. dxc5 Bxc5 15. Bxc5 Qxc5 16. e3 Rfd8 17. Re1 Qc7 18. Qd4 Ne4 19. f4 Nc5 20. Rad1 Rac8 21. Re2 b5 22. g4 Be4 23. g5 h5 {Farfan Ortiz,E (2018)-Santiago,Y (2451) Temuco CHI 2025 0-1 (40)}) 9... Be4 10. Ne1 $146 ({RR} 10. Re1 Bxg2 11. Nxg2 O-O 12. Bg5 e5 13. Nge3 exd4 14. Nxd4 h6 15. Bxf6 Bxf6 16. Nxc6 bxc6 17. Ng4 Rb8 18. Qc2 Re8 19. Rad1 h5 20. Nxf6+ Qxf6 21. Rd4 Rb5 22. Rf4 Qd6 23. Qf5 Qg6 24. Qxg6 fxg6 {Amburgy,R (2200)-Svane,R (2637) chess.com INT 2024 0-1 (72)}) 10... Bxg2 11. Nhxg2 O-O 12. Nd3 Bd6 13. Bg5 h6 14. Bxf6 Qxf6 15. Ne3 Qe7 16. b4 a6 17. a4 b5 18. Qb3 Rfb8 19. Rfb1 a5 20. bxa5 Nxa5 21. Qc2 c6 22. axb5 cxb5 23. Ra2 Qe8 24. Rba1 Nc4 25. Nf1 Rxa2 26. Rxa2 Qc6 27. Qb3 Rc8 28. h4 h5 29. Nh2 Ra8 30. Nf3 Ra4 31. Nc1 Qa6 32. Ng5 g6 33. e4 Ra3 34. Rxa3 Qxa3 35. Qxb5 Qxc1+ 36. Kg2 Bf8 37. Qd7 Nd6 38. e5 Qc2 39. exd6 Qf5 40. Qe8 1-0

[Event "Airthings Masters Play-In"]
[Site "chess.com INT"]
[Date "2023.02.03"]
[Round "2"]
[White "Yu Yangyi"]
[Black "Har Zvi, R."]
[Result "1-0"]
[WhiteElo "2729"]
[BlackElo "2513"]
[PlyCount "101"]
[EventDate "2023.02.03"]

1. Nf3 d5 2. g3 Nf6 3. Bg2 c6 4. O-O Bf5 5. d3 e6 6. Nh4 Bg4 7. h3 Bh5 8. Qe1 Nfd7 9. f4 Be7 10. Nf3 Bxf3 ({RR} 10... f5 11. e4 Bxf3 12. Bxf3 O-O 13. Nc3 fxe4 14. dxe4 d4 15. Nd1 e5 16. Nf2 c5 17. Qe2 Nc6 18. Bg4 Kh8 19. Be6 exf4 20. gxf4 g5 21. Ng4 gxf4 22. Bxf4 Qe8 23. e5 Bh4 24. Bc4 Qg6 25. Kh1 {Kramnik,V (2808)-Adhiban,B (2671) Baku 2016 1-0 (46)}) ({RR} 10... O-O 11. Nbd2 f5 12. e4 dxe4 13. dxe4 Nc5 14. Kh2 Nba6 15. a3 Nc7 16. b4 Na4 17. Nb3 fxe4 18. Ne5 Bf6 19. Qxe4 Nd5 20. Bd2 Qc7 21. Rae1 Rae8 22. c4 Ndb6 23. Na5 Nd7 24. Qc2 Nab6 25. Ng4 {Khotenashvili,B (2420)-Gaponenko,I (2346) Monaco MNC 2025 1-0 (58)}) 11. Bxf3 O-O 12. e4 Na6 13. Nc3 $146 ({RR} 13. e5 Nb4 14. Qe2 c5 15. c3 Nc6 16. Na3 Rb8 17. Nc2 Qc7 18. Be3 b5 19. b3 Nb6 20. g4 Rbc8 21. Rad1 c4 22. Nd4 Nxd4 23. Bxd4 Bc5 24. dxc4 bxc4 25. Rf2 Bxd4 26. cxd4 Qe7 27. f5 Qg5 {Schulz,J (2275)-Piepenburg,R Germany 1993 1-0 (44)}) 13... Bf6 14. e5 Be7 15. Ne2 Nb4 16. Qd1 c5 17. c3 Nc6 18. Be3 Rc8 19. Kg2 Kh8 20. h4 f6 21. d4 cxd4 22. Nxd4 Nxd4 23. cxd4 f5 24. h5 Nb8 25. g4 Qb6 26. gxf5 Rxf5 27. Bg4 Rff8 28. Qb3 Qa6 29. Rf2 Nc6 30. Be2 Qa5 31. Qxb7 Bh4 32. Rf3 Ne7 33. Qa6 Qb4 34. Qb5 Qxb5 35. Bxb5 Nf5 36. Bg1 Rc2+ 37. Kh3 Rxb2 38. Bd7 Rb6 39. Rb3 Ra6 40. Rc1 Kg8 41. Bc8 Rxc8 42. Rxc8+ Kf7 43. Rc2 Bd8 44. Rb7+ Be7 45. Kg4 Ra3 46. Rb3 Ra4 47. Bf2 Bd8 48. Rb7+ Be7 49. Rcc7 Ra3 50. Rxe7+ Kf8 51. Rf7+ 1-0

[Event "Airthings Masters Play-In"]
[Site "chess.com INT"]
[Date "2023.02.03"]
[Round "3"]
[White "Keymer, Vincent"]
[Black "Kobo, Ori"]
[Result "1-0"]
[WhiteElo "2690"]
[BlackElo "2548"]
[PlyCount "87"]
[EventDate "2023.02.03"]

1. Nf3 d5 2. e3 Nf6 3. c4 e6 4. Nc3 c6 5. b3 Bd6 6. Bb2 O-O 7. Be2 Re8 8. O-O e5 9. cxd5 cxd5 10. Nb5 Nc6 11. Nxd6 Qxd6 12. d4 e4 13. Ne5 Nd7 14. Nxc6 bxc6 15. a4 Re6 16. Ba3 Qc7 17. Qc2 Rh6 18. h3 Nf6 19. Rfc1 Ng4 $146 ({RR} 19... Bxh3 20. Qxc6 Qxc6 21. Rxc6 Rg6 22. Bf1 h5 23. Be7 h4 24. Bxf6 gxf6 25. Kh2 Bd7 26. Rc7 Be6 27. b4 f5 28. b5 Kg7 29. a5 f4 30. exf4 Rg4 31. a6 Rxf4 32. Kg1 Rf6 33. Rxa7 Rg8 34. Ra3 {Keymer,V (2700)-Kramnik,V (2753) Astana KAZ 2023 1-0 (40)}) 20. Bxg4 Bxg4 21. hxg4 Qh2+ 22. Kf1 Qh1+ 23. Ke2 Qxg2 24. Rf1 Qxg4+ 25. Kd2 Rf6 26. Kc3 h5 27. Rg1 Qf5 28. Be7 Re6 29. Rg5 Qf3 30. Rg3 Qf5 31. Rag1 g6 32. Rg5 Qh3 33. Bc5 Rf6 34. Qe2 Kh7 35. Be7 Re6 36. R5g3 Qf5 37. Bh4 c5 38. Rg5 cxd4+ 39. Kb2 Qh3 40. Rxh5+ Kg8 41. Bf6 Qxh5 42. Qxh5 Rxf6 43. Qxd5 Rxf2+ 44. Ka3 1-0

[Event "Airthings Masters Play-In"]
[Site "chess.com INT"]
[Date "2023.02.03"]
[Round "3"]
[White "Svidler, P."]
[Black "Tomashevsky, E."]
[Result "1-0"]
[WhiteElo "2683"]
[BlackElo "2694"]
[PlyCount "101"]
[EventDate "2023.02.03"]

1. Nf3 d5 2. g3 g6 3. c4 dxc4 4. Na3 Bg7 5. Nxc4 Nc6 6. d3 e5 7. Bd2 Nge7 8. Bg2 O-O 9. O-O Re8 ({RR} 9... Nd5 10. Rc1 h6 11. a3 Be6 12. b4 a6 13. e4 Nb6 14. Na5 Qxd3 15. Nxb7 Bc4 16. Re1 Qxa3 17. Na5 Nxa5 18. bxa5 Bb3 19. Re3 Bxd1 20. Rxa3 Bxf3 21. Bxf3 Nc8 22. Rxc7 Nd6 23. Be2 Nxe4 24. Be3 {Carlsen,M (2853)-Nakamura,H (2787) Chess.com INT 2016 1-0 (61)}) 10. b4 Nd5 11. Rb1 Nd4 12. e4 $146 ({RR} 12. Na5 Rb8 13. e3 Nxf3+ 14. Bxf3 Be6 15. b5 Qd7 16. Qc2 Red8 17. Rfc1 h5 18. h4 Bf6 19. a4 Bg4 20. Be4 Be6 21. Bc3 Bg7 22. Ba1 f5 23. Bg2 f4 24. Nc4 fxg3 25. fxg3 Qe7 26. Be4 g5 {Minasian,A (2595)-Motwani,P (2464) Istanbul 2000 ½-½ (52)}) 12... Nb6 13. Na5 Bg4 14. Be3 Rb8 15. Bxd4 Bxf3 16. Bxf3 Qxd4 17. Qc2 c6 18. Rfd1 Nd7 19. Bg4 Red8 20. Bxd7 Rxd7 21. b5 cxb5 22. Rxb5 Qd6 23. Nxb7 Qd4 24. Rdb1 Bf8 25. R5b3 h5 26. h4 Kg7 27. Kg2 Be7 28. Na5 Rxb3 29. Rxb3 Qa4 30. Nc4 Bf6 31. Ne3 Bd8 32. Nd5 Bb6 33. Nxb6 axb6 34. Qb2 Qd4 35. Qxd4 Rxd4 36. Kf3 Ra4 37. a3 Kf8 38. Ke3 Ke7 39. f4 exf4+ 40. gxf4 b5 41. Rxb5 Rxa3 42. f5 Ra1 43. fxg6 fxg6 44. Kf4 Rf1+ 45. Ke5 Rh1 46. Rb7+ Kd8 47. Kd6 Kc8 48. Rc7+ Kb8 49. e5 Rxh4 50. Rc4 Rh1 51. e6 1-0

[Event "Airthings Masters Play-In"]
[Site "chess.com INT"]
[Date "2023.02.03"]
[Round "6"]
[White "Keymer, Vincent"]
[Black "Rustemov, A."]
[Result "1-0"]
[WhiteElo "2690"]
[BlackElo "2525"]
[PlyCount "87"]
[EventDate "2023.02.03"]

1. Nf3 d5 2. e3 Nf6 3. c4 c6 4. Nc3 a6 5. d4 Bf5 6. Nh4 Bg6 7. Nxg6 hxg6 8. Qb3 ({RR} 8. Bd3 e6 9. O-O Nbd7 10. h3 Be7 11. b3 O-O 12. Bb2 Bd6 13. Qe2 Qe7 14. Rad1 Rfe8 15. g3 Rad8 16. Kg2 e5 17. cxd5 cxd5 18. dxe5 Nxe5 19. Bb1 Ba3 20. Bxa3 Qxa3 21. Qd2 Nc6 22. Ne2 Ne4 {Caruana,F (2766)-Rustemov,A (2525) chess.com INT 2023 1-0 (66)}) 8... Ra7 9. Bd2 ({RR} 9. g3 e6 10. Bg2 Nbd7 11. O-O Be7 12. e4 dxe4 13. Nxe4 Nxe4 14. Bxe4 Nf6 15. Bf3 Qd7 16. Be3 Ra8 17. a4 a5 18. Rad1 Bb4 19. h4 O-O 20. Kg2 Qe7 21. Bf4 Rfd8 22. Rh1 Nh7 23. Qe3 Bd6 {Gordon,S (2506)-Jiang,L (1861) Hong Kong HKG 2025 ½-½ (52)}) 9... e6 10. O-O-O $146 ({RR} 10. g3 Bd6 11. Bg2 b5 12. c5 Be7 13. O-O a5 14. Qc2 O-O 15. Rad1 Nbd7 16. f4 Ne8 17. g4 g5 18. Be1 g6 19. Bg3 f5 20. h3 gxf4 21. Bxf4 Ndf6 22. Ne2 Ne4 23. Bh6 Rf7 24. Bxe4 dxe4 {Hoeksema,H (2333)-Strating,S (2271) Wageningen 2016 ½-½ (40)}) 10... Nbd7 11. Kb1 Be7 12. Be2 dxc4 13. Qxc4 c5 14. dxc5 Nxc5 15. Qd4 Qb8 16. e4 b5 17. e5 Rd7 18. Qe3 Nd5 19. Nxd5 Rxd5 20. Bf3 Rxe5 21. Bc6+ Kf8 22. Qg3 Rhh5 23. Bf4 Bd6 24. Bf3 Rhf5 25. Bxe5 Bxe5 26. Qh4 g5 27. Qb4 Bd6 28. h4 Rf4 29. Qd2 Ke7 30. hxg5 Be5 31. Rhe1 Rd4 32. Qe3 Rxd1+ 33. Bxd1 Nd7 34. g6 Qd6 35. gxf7 Kxf7 36. Bb3 Kf8 37. f4 Bxf4 38. Rf1 e5 39. g3 g5 40. gxf4 exf4 41. Qh3 Nf6 42. Qh8+ Ke7 43. Re1+ Kd7 44. Rd1 1-0

[Event "Airthings Masters Play-In"]
[Site "chess.com INT"]
[Date "2023.02.03"]
[Round "8"]
[White "Narayanan, Sri"]
[Black "Shimanov, A."]
[Result "1-0"]
[WhiteElo "2559"]
[BlackElo "2581"]
[PlyCount "61"]
[EventDate "2023.02.03"]

1. Nf3 d5 2. e3 Nc6 3. d4 e5 4. dxe5 Bg4 5. Be2 Qd7 $146 ({RR} 5... Nxe5 6. Nxe5 Bxe2 7. Qxe2 Qe7 8. Qb5+ c6 9. Nxc6 Qd7 10. c4 a6 11. Qb3 bxc6 12. cxd5 Qxd5 13. Qxd5 cxd5 14. Nc3 Bb4 15. Bd2 Bxc3 16. Bxc3 f6 17. O-O-O Ne7 18. Rhe1 O-O 19. e4 dxe4 20. Rxe4 {Crosby,L (784)-Rathburn,J Auburn Hills 2005 0-1 (32)}) ({RR} 5... Nge7 6. b3 Qd7 7. Bb2 O-O-O 8. Nbd2 Rg8 9. O-O g5 10. c4 Be6 11. Rc1 g4 12. Nd4 Nxe5 13. Nxe6 Qxe6 14. Qc2 N5c6 15. cxd5 Nxd5 16. Nc4 f5 17. Rfd1 Be7 18. Ne5 Ndb4 19. Qc4 Rxd1+ 20. Rxd1 {Materia,M (2434)-Shimanov,A (2578) chess.com INT 2024 ½-½ (64)}) 6. c4 Nge7 7. Nc3 O-O-O 8. cxd5 Nxd5 9. Qxd5 Qxd5 10. Nxd5 Rxd5 11. Bd2 Bb4 12. O-O-O Bxd2+ 13. Rxd2 Rxd2 14. Kxd2 Bxf3 15. Bxf3 Nxe5 16. Be2 Rd8+ 17. Kc2 c6 18. f4 Ng6 19. Bc4 f6 20. Bd3 Ne7 21. Re1 h6 22. e4 Kc7 23. Re3 Rd7 24. a3 a5 25. h4 Ng6 26. g3 Ne7 27. h5 Nc8 28. e5 Re7 29. Bf5 Nb6 30. exf6 Rxe3 31. f7 1-0